000 01162nam a2200253 a 4500
001 BRCA_7046
005 20190321142920.0
008 011211s2010----sp-a######---#000-0#spa-#
020 _a9783795424817
041 _aspa
044 _asp
050 4 _b.A44 2010
245 1 0 _aAlejandro Magno
_bencuentro con oriente
_ceditado por Svend Hansen, Alfried Wieczorek, Michael Tellenbach ; dirección científica del proyecto expositivo Nicola Crüsemann, Michael Tellenbach ; dirección científica por el Departamento de Eurasia del Instituto Arqueológico Alemán Gunvor Lindström; [asesor científico en Madrid, edición de la versión española Martín Almagro-Gorbea].
260 _a[Madrid]
_bCanal de Isabel II
_c2010
300 _a453 p.
_bil. (algunas a color)
_c30 cm.
500 _aCatálogo de la exposición celebrada en el Centro de Exposiciones Arte Canal
504 _aBibliografía: p. 432-449
650 1 4 _aAlejandro Magno
_xHistoria
_zOriente
_917509
650 1 4 _aAlejandro Magno
_vArte
_zOriente
_917510
700 1 _aAlmagro-Gorbea, Martín
_917511
700 1 _aHansen, Svend
_917512
700 1 _aWieczorek, Alfried
_917513
942 _2lcc
_cB
999 _c6727
_d6727